000 00347nam a22001217a 4500
008 211202b |||||||| |||| 00| 0 eng d
020 _a924154225X
050 _aRA440
_b.E38 1988
245 _aEducation for Health
_ba manual on health education in primary health care
260 _aGeneva
_bWHO
_c1988
300 _axiii, 261p.
942 _2lcc
_cBK
999 _c19165
_d19164